000 00895nam a22001937a 4500
003 OSt
005 20260312122213.0
008 260312b |||||||| |||| 00| 0 spa d
020 _a9789877010862
082 _29789877010862
100 _aALEJANDRO BULLÓN
245 _aLa Única Esperanza
250 _a1ra edición
260 _aACES
_b2013
520 _aSentido de vida: Explora cómo superar el vacío interior y la falta de propósito. Problemas cotidianos: Aborda temas como la ansiedad, el miedo, la soledad y las crisis familiares. Solución espiritual: Propone que la verdadera paz se encuentra al restablecer una conexión personal con Jesucristo. Testimonios: Utiliza historias y experiencias reales para ilustrar cómo la fe puede transformar situaciones desesperadas.
650 _2Temas principales Sentido de vida
700 _a Alejandro Bullón
942 _2ddc
_cBKA
_n0
999 _c2024
_d2024